Продукция антибиотиков феназинового ряда бактериями Pseudomonas aeruginosa; Высокие технологии в современной науке и технике

Bibliografiset tiedot
Parent link:Высокие технологии в современной науке и технике.— 2015.— [С. 257-260]
Päätekijä: Пальчевская Е. Екатерина
Yhteisötekijä: Национальный исследовательский Томский политехнический университет (ТПУ)
Yhteenveto:Заглавие с титульного экрана
Kieli:venäjä
Julkaistu: 2015
Sarja:Химия. Химические технологии
Aiheet:
Linkit:http://earchive.tpu.ru/handle/11683/16127
http://www.lib.tpu.ru/fulltext/c/2015/C17/072.pdf
Aineistotyyppi: Elektroninen Kirjan osa
KOHA link:https://koha.lib.tpu.ru/cgi-bin/koha/opac-detail.pl?biblionumber=613611

MARC

LEADER 00000naa2a2200000 4500
001 613611
005 20231101132751.0
035 |a (RuTPU)RU\TPU\conf\11756 
035 |a RU\TPU\conf\11751 
090 |a 613611 
100 |a 20150820d2015 k y0rusy50 ca 
101 0 |a rus 
102 |a RU 
105 |a y z 101zy 
135 |a drgn ---uucaa 
181 0 |a i  
182 0 |a b 
200 1 |a Продукция антибиотиков феназинового ряда бактериями Pseudomonas aeruginosa  |f Е. Пальчевская 
203 |a Текст  |c электронный 
225 1 |a Химия. Химические технологии 
230 |a 1 компьютерный файл (pdf; 287 Kb) 
300 |a Заглавие с титульного экрана 
320 |a [Библиогр.: с. 260 (6 назв.)] 
337 |a Adobe Reader 
463 0 |0 (RuTPU)RU\TPU\conf\11660  |t Высокие технологии в современной науке и технике  |o сборник научных трудов IV Международной научно-технической конференции молодых ученых, аспирантов и студентов, г. Томск, 21-24 апреля 2015 г.  |f Национальный исследовательский Томский политехнический университет (ТПУ) ; под ред. А. Н. Яковлева  |v [С. 257-260]  |d 2015 
610 1 |a труды учёных ТПУ 
610 1 |a электронный ресурс 
610 1 |a антибиотики 
610 1 |a бактерии 
700 1 |a Пальчевская  |b Е.  |c химик-органик  |c инженер Томского политехнического университета  |f 1992-  |g Екатерина  |2 stltpush  |3 (RuTPU)RU\TPU\pers\35296 
712 0 2 |a Национальный исследовательский Томский политехнический университет (ТПУ)  |c (2009- )  |2 stltpush  |3 (RuTPU)RU\TPU\col\15902 
801 2 |a RU  |b 63413507  |c 20210127  |g RCR 
856 4 |u http://earchive.tpu.ru/handle/11683/16127 
856 4 |u http://www.lib.tpu.ru/fulltext/c/2015/C17/072.pdf 
942 |c BK